| 000 | 00807nam a2200241Ia 4500 | ||
|---|---|---|---|
| 008 | 191130s2007##################000#0#eng## | ||
| 020 | _a9781845112790 | ||
| 040 |
_aACL _cACL |
||
| 082 | _a327.174 ROT | ||
| 100 | _aRotblat, Joseph | ||
| 245 |
_aA Quest for Global Peace: Rotblat and Ikeda on War, Ethics and the Nuclear Threat _cJoseph Rotblat & Daisaku Ikeda |
||
| 260 |
_aNew York _bI.B. Tauris _c2007 |
||
| 300 | _a1 online resource (xv, 157 p.) : ill. ; 23 cm | ||
| 500 | _aIncludes index | ||
| 650 | _aNuclear nonproliferation | ||
| 650 | _aPeace | ||
| 650 | _aPOLITICAL SCIENCE -- International Relations -- Arms Control | ||
| 650 | _aWar -- Moral and ethical aspects | ||
| 700 | _aIkeda, Daisaku | ||
| 990 | _a060ad137ac10000c0d65d16a5805f97c | ||
| 991 | _a137472 | ||
| 999 |
_c358530 _d358530 |
||